Реактивы. Методы опредления примесей анионов; ГОСТ 10671.0-74 Реактивы. Общие требования к методам анализа примесей анионов; ГОСТ 10671.1-74 Реактивы. Метод определения содержания примеси кремнекислоты; ГОСТ 10671.2-74 Реактивы. Метод определения содержания примеси нитратов; ГОСТ 10671.3-74 Реактивы. Метод определения содержания примеси нитритов; ГОСТ 10671.4-74 Реактивы. Метод определения содержания примеси азота; ГОСТ 10671.5-74 Реактивы. Метод определения содержания примеси сульфатов; ГОСТ 10671.6-74 Реактивы. Метод определения содержания примеси фосфатов; ГОСТ 10671.7-74 Реактивы. Метод определения содержания примеси хлоридов; ГОСТ 10671.8-74 Реактивы. Метод определения содержания примеси карбонатов

Bibliografiske detaljer
Institution som forfatter: СССР Государственный комитет по стандартам (Госстандарт)
Sprog:russisk
Udgivet: Москва, Изд-во стандартов, 1981
Udgivelse:Изд. офиц.
TOC:ГОСТ 10671.0-74 Реактивы. Общие требования к методам анализа примесей анионов;
ГОСТ 10671.1-74 Реактивы. Метод определения содержания примеси кремнекислоты;
ГОСТ 10671.2-74 Реактивы. Метод определения содержания примеси нитратов;
ГОСТ 10671.3-74 Реактивы. Метод определения содержания примеси нитритов;
ГОСТ 10671.4-74 Реактивы. Метод определения содержания примеси азота;
ГОСТ 10671.5-74 Реактивы. Метод определения содержания примеси сульфатов;
ГОСТ 10671.6-74 Реактивы. Метод определения содержания примеси фосфатов;
ГОСТ 10671.7-74 Реактивы. Метод определения содержания примеси хлоридов;
ГОСТ 10671.8-74 Реактивы. Метод определения содержания примеси карбонатов;
Serier:Государственные стандарты
Fag:
Format: Bog
KOHA link:https://koha.lib.tpu.ru/cgi-bin/koha/opac-detail.pl?biblionumber=152855

MARC

LEADER 00000nam0a2200000 4500
001 152855
005 20231031151159.0
035 |a (RuTPU)RU\TPU\book\165723 
035 |a RU\TPU\book\165719 
090 |a 152855 
100 |a 20090205d1981 km y0rusy50 ca 
101 0 |a rus 
102 |a RU 
105 |a a l 000zy 
200 1 |a Реактивы. Методы опредления примесей анионов 
205 |a Изд. офиц. 
210 |a Москва  |c Изд-во стандартов  |d 1981 
215 |a 48 с.  |c ил. 
225 1 |a Государственные стандарты 
464 |t ГОСТ 10671.0-74 Реактивы. Общие требования к методам анализа примесей анионов 
464 |t ГОСТ 10671.1-74 Реактивы. Метод определения содержания примеси кремнекислоты 
464 |t ГОСТ 10671.2-74 Реактивы. Метод определения содержания примеси нитратов 
464 |t ГОСТ 10671.3-74 Реактивы. Метод определения содержания примеси нитритов 
464 |t ГОСТ 10671.4-74 Реактивы. Метод определения содержания примеси азота 
464 |t ГОСТ 10671.5-74 Реактивы. Метод определения содержания примеси сульфатов 
464 |t ГОСТ 10671.6-74 Реактивы. Метод определения содержания примеси фосфатов 
464 |t ГОСТ 10671.7-74 Реактивы. Метод определения содержания примеси хлоридов 
464 |t ГОСТ 10671.8-74 Реактивы. Метод определения содержания примеси карбонатов 
610 1 |a ГОСТы 
610 1 |a стандарты 
610 1 |a реактивы 
610 1 |a методы определения 
610 1 |a примеси 
712 0 1 |a СССР  |b Государственный комитет по стандартам (Госстандарт)  |c (1978-1989)  |2 stltpush  |3 (RuTPU)RU\TPU\col\12454 
801 1 |a RU  |b 63413507  |c 20021204  |g PSBO 
801 2 |a RU  |b 63413507  |c 20221208  |g PSBO 
942 |c BK